000 00514nam a22001817a 4500
005 20251108170513.0
008 250721s1984 xx 000 0 ara d
082 1 4 _aط/ق/انط
100 1 _aمسعود، انطون
245 1 0 _aاسطورة البحر :
_bخمس قصص /
264 1 _aبيروت :
_bبيت الحكمة،
_c1984.
300 _a112ص
650 1 7 _aالقصص العربية
650 1 7 _aالأدب العربي
650 1 7 _aأدب الأطفال
942 _2ddc
_cBK
999 _c42101
_d42101